分野別上位5か国 #1 - Statistics

General Stats
  • This quiz has been taken 53 times
  • The average score is 39 of 55
Answer Stats
Country % Correct
インド
100%
インドネシア
100%
ロシア
100%
中華人民共和国
98%
アメリカ合衆国
98%
ブラジル
98%
日本
98%
カナダ
95%
バチカン市国
93%
モンゴル
93%
フランス
93%
タイ
93%
オーストラリア
91%
イタリア
91%
パキスタン
91%
ドイツ
89%
ネパール
86%
オランダ
86%
バングラデシュ
84%
大韓民国
84%
モナコ
80%
チリ
80%
スペイン
80%
サウジアラビア
80%
アルゼンチン
80%
サンマリノ
77%
ナイジェリア
77%
アラブ首長国連邦
77%
ミャンマー
75%
ナウル
73%
シンガポール
73%
スイス
73%
ブータン
73%
カンボジア
70%
ベルギー
70%
カタール
68%
メキシコ
68%
アルジェリア
68%
ツバル
66%
デンマーク
66%
アイスランド
61%
スリランカ
61%
ニュージーランド
61%
アイルランド
57%
バーレーン
55%
オーストリア
55%
コロンビア
45%
パラオ
43%
ウルグアイ
43%
南アフリカ
36%
ナミビア
32%
パナマ
23%
リトアニア
18%
ガイアナ
11%
モルジブ
5%
No matching quizzes found
Score Distribution
Percent of People with Each Score
Percentile by Number Answered
Your Score History
You have not taken this quiz